| 000 | 00371nam a2200145Ia 4500 | ||
|---|---|---|---|
| 008 | 221030s9999 xx 000 0 und d | ||
| 020 | _a9789386189004 | ||
| 041 | _aEnglish | ||
| 100 | _aV. S. P. Rao | ||
| 245 | 0 |
_aBusiness Organisation & Management _cby V. S. P. Rao |
|
| 260 |
_bTaxmann Pub. _aNew Delhi _c2016 |
||
| 300 | _a540 | ||
| 650 | _aManagement | ||
| 942 | _cBK | ||
| 999 |
_c18702 _d18702 |
||